000 00779cam a22002414a 4500
001 12865019
005 20180208032700.0
008 020722s2003 nhua b 001 0 eng
010 _a 2002011670
020 _a0867095199 (pbk. : alk. paper)
040 _aDLC
_cDLC
_dDLC
041 _aeng
042 _apcc
080 _a428.40712 KYL
082 0 0 _a428.40712 KYL
_221
100 1 _a48
101 _aPSI
245 1 0 _aWhen kids can't read, what teachers can do :
_cKylene Beers.
504 _aIncludes bibliographical references (p. 369-378) and index.
906 _a7
_bcbc
_corignew
_d1
_eecip
_f20
_gy-gencatlg
942 _2ddc
_cBK
999 _c42061
_d42061